| 000 | 00493nam a22001817a 4500 | ||
|---|---|---|---|
| 999 |
_c11790 _d11790 |
||
| 008 | 210106b ||||| |||| 00| 0 eng d | ||
| 020 | _a0876923325 | ||
| 082 |
_a342.54029 _bBAS |
||
| 100 | _aBasu, Durga Das | ||
| 245 | _aIntroduction to the Constitution of India | ||
| 250 | _a10th Ed. | ||
| 260 |
_aNew Delhi _bPrentice hall of India pvt. ltd. _c1983 |
||
| 300 |
_axx, 436p. _bPbc |
||
| 650 | _aIndia | ||
| 650 | _aConstitutional law | ||
| 650 | _aConstitutional history | ||
| 942 | _cBK | ||